000 01015nmc a2200361 a 4500
003 AR-BaBNM
005 20251128210531.0
008 011101s1998 ||||||||||||||000 | spa||
020 _a84-277-0633-2
040 _cAR-BaBNM
100 1 _aHersh, Richard H.
245 1 0 _aEl crecimiento moral
_bde Piaget a Kohlberg
250 _a2ª ed.
260 _aMadrid
_bNarcea
_c1998
300 0 _a192 p.
_btablas
490 0 _aEducación hoy. Estudios
500 1 _aContiene referencias bibliográficas, índice de autores e índice temático
600 1 4 _aPiaget, Jean
600 1 4 _aKohlberg, L.
650 4 _aPSICOLOGIA DE LA EDUCACION
650 4 _aETICA
650 4 _aPROCESO COGNOSCITIVO
650 4 _aPSICOLOGIA EVOLUTIVA
650 4 _aFORMACION DE CONCEPTOS
650 4 _aROL DEL DOCENTE
650 4 _aEDUCACION MORAL
650 4 _aDESARROLLO INTELECTUAL
650 4 _aPSICOLOGIA GENETICA
700 1 _aReimer, Joseph
700 1 _aPaolitto, Diana P.
942 _cBK
998 _cRaquel
999 _c15839
_d15839